和風月名 - Statistics

General Stats
  • This quiz has been taken 319 times
  • The average score is 9 of 12
Answer Stats
Hint Answer % Correct
10月 神無月
93%
12月 師走
91%
2月 如月
84%
5月 皐月
84%
1月 睦月
83%
3月 弥生
83%
6月 水無月
80%
8月 葉月
73%
4月 卯月
72%
11月 霜月
71%
9月 長月
63%
7月 文月
62%
No matching quizzes found
Score Distribution
Percent of People with Each Score
Percentile by Number Answered
Your Score History
You have not taken this quiz